000 01390cad a22002415a 4500
001 L153068
008 110602s2010 xxk g 000 0 eng d
035 _a(Sirsi) u153068
041 0 _aeng
110 2 _aRichards Partington Architects
_95858
110 2 _aConcrete Centre
_95831
245 0 0 _aConcrete frame
_h[electronic resource]
260 _a[S.l.]
_bNBS
_c2010
520 _aConcrete frame construction in house-building is typically specified for large blocks of flats, where the number of storeys exceeds the limits of load-bearing masonry. The majority of new apartment buildings in the UK are medium rise developments and this booklet, therefore, focuses on medium rise construction (4-10 storeys). Fabric energy efficiency standard; looks at key issues thermal performance, thermal bridging, thermal bypass, airtightness and sequencing; cladding and infill choices; guidance chart.
590 _aKA
651 4 _aUnited Kingdom
_y
690 _aBUILT ENVIRONMENT-SUSTAINABLE CONSTRUCTION
690 _aBUILT ENVIRONMENT-BUILDING MATERIALS-CEMENTITIOUS, CONCRETE AND MINERAL BOUND MATERIALS-CONCRETE
690 _aBUILDING AND CONSTRUCTION-ENERGY MANAGEMENT
690 _aBUILT ENVIRONMENT-CONSTRUCTION DESIGN
856 4 0 _uhttps://www.concretecentre.com/pdf/PublicationLibrary/ConcreteFrame.pdf
_zView the item free of charge at www.concretecentre.com
942 _n0
999 _c112356
_d112356